中国机场代码 China’s Airport Codes #4 - Statistics

General Stats
  • This quiz has been taken 53 times
  • The average score is 7 of 15
Answer Stats
三字码 机场 % Correct
SHA 上海/虹桥
98%
TPE 台北/桃园
86%
CTU 成都/双流
76%
URC 乌鲁木齐/地窝堡
72%
XUZ 徐州/观音
58%
CZX 常州/奔牛
40%
ZUH 珠海/金湾
38%
LXA 拉萨/贡嘎
36%
ZYI 遵义/新舟
34%
JJN 泉州/晋江
26%
YCU 运城/张孝
24%
KHN 南昌/昌北
22%
WUA 乌海
22%
XIL 锡林浩特
18%
ENY 延安/南泥湾
14%
No matching quizzes found
Score Distribution
Percent of People with Each Score
Percentile by Number Answered
Your Score History
You have not taken this quiz